বঙ্গভঙ্গ ও সমকালীন বঙ্গসমাজ / (Record no. 68602)
[ view plain ]
| 000 -LEADER | |
|---|---|
| fixed length control field | 00870nam a2200229 a 4500 |
| 001 - CONTROL NUMBER | |
| control field | 68602 |
| 003 - CONTROL NUMBER IDENTIFIER | |
| rucl marc code | BD-RjUL |
| 005 - DATE AND TIME OF LATEST TRANSACTION | |
| control field | 20211209081805.0 |
| 008 - FIXED-LENGTH DATA ELEMENTS--GENERAL INFORMATION | |
| fixed length control field | 170404s2005 ii a|||| |||| 001 0 ben d |
| 035 ## - SYSTEM CONTROL NUMBER | |
| System control number | (BD-RjUL)68812 |
| 040 ## - CATALOGING SOURCE | |
| Original cataloging agency | BD-RjUL |
| Language of cataloging | ben |
| Transcribing agency | BD-RjUL |
| Modifying agency | BD-RjUL |
| 041 ## - LANGUAGE CODE | |
| Language code of text/sound track or separate title | ben |
| 082 ## - DEWEY DECIMAL CLASSIFICATION NUMBER | |
| Edition number | 23 |
| Classification number | 954.92 |
| Author mark and year | BAN 2005 |
| 245 1# - TITLE STATEMENT | |
| Title | বঙ্গভঙ্গ ও সমকালীন বঙ্গসমাজ / |
| Statement of responsibility, etc. | কমল চৌধুরী |
| 260 ## - PUBLICATION, DISTRIBUTION, ETC. (IMPRINT) | |
| Place of publication, distribution, etc. | কলকাতা : |
| Name of publisher, distributor, etc. | দে জ পাবলিশিং, |
| Date of publication, distribution, etc. | ২০০৫ [১৪১২] |
| 300 ## - PHYSICAL DESCRIPTION | |
| Pagination | ৮৫৬ পৃ. : |
| Illustrations | চিত্র. ; |
| Size | ২২ সেমি. |
| 500 ## - GENERAL NOTE | |
| General note | নির্ঘন্ট সংযুক্ত |
| 651 ## - SUBJECT ADDED ENTRY--GEOGRAPHIC NAME | |
| Geographic name | বাংলাদেশ |
| General subdivision | ইতিহাস |
| 9 (RLIN) | 203346 |
| Geographic name | Bangladesh |
| General subdivision | History |
| 9 (RLIN) | 203347 |
| 700 1# - ADDED ENTRY--PERSONAL NAME | |
| Personal name | চৌধুরী, কমল |
| 942 ## - ADDED ENTRY ELEMENTS (KOHA) | |
| Source of classification or shelving scheme | Dewey Decimal Classification |
| Koha item type | Books |
| Lost status | Source of classification or shelving scheme | Damaged status | Not for loan | Collection code | Permanent Location | Current Location | Shelving location | Date acquired | Source of acquisition | Cost, normal purchase price | Total Checkouts | Full call number | Date last seen | Copy number | Koha item type |
|---|---|---|---|---|---|---|---|---|---|---|---|---|---|---|---|
| Dewey Decimal Classification | Not For Loan | Non-fiction | Central Library, University of Rajshahi | Central Library, University of Rajshahi | Reading Room | 09/07/2013 | Space marketing | 1000.00 | B 954.92 BAN 2005 | 04/04/2017 | C-1 | Books |